00923cam a22002531 4500001001300000003000400013005001700017008004100034010001700075035001900092040004500111042001200156050001600168082001000184100003500194245015800229260007400387300001800461490007400479650003200553650001500585810005200600999001700652e 43000018 DLC20260227111231.0821103s1942 nyu 000 0 eng c ae 43000018  a(OCoLC)8919761 aU. S. Off. of educ. LibrarycICarbSdDLC apremarc00aLA337b.C65 a370.41 aCole, Ernest Ethelbert,d1871-10aAddresses and papers,cby Ernest E. Cole, president of the University of the state of New York and state commissioner of education, 1940-42. a[Albany]bThe University of the state of New York pressc [1942] a88 p.c23 cm.1 aUniversity of the state of New York bulletinvno. 1235... May 1, 1942 0aEducationzNew York (State) 0aEducation.2 aUniversity of the State of New York.tBulletin. c21913d21913